Catálogo
 En Linea

Bridget Jones's Diary : (Registro nro. 42193)

Detalles MARC
000 -CABECERA
campo de control de longitud fija 00446nam a2200157 a 4500
001 - NÚMERO DE CONTROL
campo de control 000042704
005 - FECHA Y HORA DE LA ÚLTIMA TRANSACCIÓN
campo de control 20201002040333.0
008 - DATOS DE LONGITUD FIJA--INFORMACIÓN GENERAL
campo de control de longitud fija 140205s1996 enk 000 0 spa d
020 ## - NÚMERO INTERNACIONAL ESTÁNDAR DEL LIBRO
Número Internacional Estándar del Libro 0330371630
040 ## - FUENTE DE LA CATALOGACIÓN
Centro catalogador/agencia de origen DO-SdBNP
Lengua de catalogación spa
Centro/agencia transcriptor BNPHU
082 ## - NÚMERO DE LA CLASIFICACIÓN DECIMAL DEWEY
Número de clasificación xxx
Número de documento/Ítem xxx
100 1# - ENTRADA PRINCIPAL--NOMBRE DE PERSONA
Nombre de persona Fielding, Helen,
Fechas asociadas al nombre 1958-
9 (RLIN) 70015
245 10 - MENCIÓN DE TÍTULO
Título Bridget Jones's Diary :
Resto del título a novel /
Mención de responsabilidad, etc. Helen Fielding.
260 ## - PUBLICACIÓN, DISTRIBUCIÓN, ETC.
Lugar de publicación, distribución, etc. London, París :
Nombre del editor, distribuidor, etc. Picador,
Fecha de publicación, distribución, etc. 1996.
300 ## - DESCRIPCIÓN FÍSICA
Extensión 310 p. ;
Dimensiones 18 cm.
Existencias
Estado de retiro Estado de pérdida Restricciones de uso No para préstamo Código de colección Localización permanente Ubicación/localización actual Ubicación en estantería Fecha de adquisición Número de inventario Total de préstamos Signatura topográfica completa Código de barras Fecha visto por última vez Precio válido a partir de Tipo de ítem Koha
      Excluido de préstamo Monografías: Libros y Folletos General General En catalogación 05.02.2014 LF1   xxx xxx 42704-10 25.06.2020 25.06.2020 No se presta

Con tecnología Koha